Statistics for Countries By Things

Click here to take the quiz!

General Stats

  • This quiz has been taken 22 times
  • The average score is 3 of 7

Answer Stats

HintAnswer% Correct
Deadly Animals and MelanomaAustralia
86%
OpiumAfghanistan
81%
Exporting Soccer PlayersArgentina
38%
Speaking UmbunduAngola
19%
MohnflesserlAustria
19%
Middle Paleolithic Flake tool techniquesAlgeria
14%
Software PiracyAzerbaijan
5%

Score Distribution

Percentile by Number Answered

Percent of People with Each Score

Your Score History

You have not taken this quiz